| 000 | 00600 a2200181 4500 | ||
|---|---|---|---|
| 999 |
_c183205 _d183205 |
||
| 005 | 20220221122753.0 | ||
| 010 | _aENG-130431 | ||
| 020 |
_a978-93-5388-768-1 _c595.00 |
||
| 035 | _aEN-113963 | ||
| 037 | _bDBAD/PUB | ||
| 082 |
_a658.8002854 _b1 |
||
| 100 | _aKumar, Dinesh | ||
| 245 |
_aMarketing in the Digital Age/ _cDinesh Kumar |
||
| 260 |
_aNew Delhi _bSage Publications India Pvt Ltd. _c2021 |
||
| 270 |
_aB-I/I-I, Mohan Cooperative Industrial Area, Mathura Road _bNew Delhi _e110044 |
||
| 300 |
_axxxi, 342p. _c22cm (pbk) _bIndex |
||
| 942 |
_adpl _cEN _2ddc _h658.8002854 _mDIN |
||